000 00463nam a2200157Ia 4500
008 220204s9999 xx 000 0 und d
082 _a577.122:547.96
_bBIR
100 _aBIRR, Christian
245 0 _aAspects of the merrifield peptide synthesis
260 _aBerlin
_bSpringer
_c1978
490 _aReactivity and structure concepts in organic chemistry. V 8
650 _aMerrifield peptide synthesis
650 _aPeptide
650 _aProtein
942 _cBK
999 _c31678
_d31678